| 000 | 01570nam a22003497i 4500 | ||
|---|---|---|---|
| 003 | DO-SdBNP | ||
| 005 | 20250821115559.0 | ||
| 007 | ta | ||
| 008 | 240417b2015 dr ||||| |||| 00| 0 spa d | ||
| 020 | _a9789945586367 | ||
| 040 |
_aDO-SdBNP _bspa _cBNPHU _erda |
||
| 041 | _aspa | ||
| 082 | 4 |
_a972.9304 _bH594a _222 |
|
| 100 | 1 |
_aHeureaux, Ulises, _d1845-1899 _9598 |
|
| 245 | 0 | 0 |
_aAntología de cartas de Ulises Heureaux (Lilís) / _ceditor Cyrus Veeser ; revisión técnica Rocío Devers Liriano ; diagramación y cuidado de la edición Rafael R. Delmonte Soriano. |
| 264 | 4 |
_aSanto Domingo, República Dominicana : _bArchivo General de la Nación, _c©2015. |
|
| 300 |
_a488 páginas ; _c27 cm. |
||
| 336 |
_2rdacontent _atexto _btxt |
||
| 337 |
_2rdamedia _asin mediación _bn |
||
| 338 |
_2rdacarrier _avolumen _bnc |
||
| 490 | 0 |
_aArchivo General de la Nación : Colección Presidentes Dominicanos ; _vvolumen 249 |
|
| 590 | _aInventariado, 2024 /LP | ||
| 600 | 1 | 4 |
_aHeureaux Level, Ulises, _d1844-1899 _xCorrespondencias, memorias, etc. _985264 |
| 651 | 4 |
_aRepública Dominicana _xHistoria _y1894-1898 _985265 |
|
| 651 | 4 |
_aRepública Dominicana _xRelaciones exteriores _z Estados Unidos _92258 |
|
| 651 | 4 |
_aEstados Unidos _xRelaciones exteriores _zRepública Dominicana. _985268 |
|
| 700 | 1 |
_aVeeser, Cyrus, _eeditor _4ed. _980011 |
|
| 700 | 1 |
_aDevers Liriano, Rocío, _erevisión técnica _985266 |
|
| 700 | 1 |
_aDelmonte Soriano, Rafael R., _ediagramación y cuidado de la edición _985267 |
|
| 910 | _aValidado. Control de Calidad/MAA | ||
| 942 |
_2ddc _cLBS1 |
||
| 999 |
_c56435 _d56435 |
||